| 000 | 00492nam a2200169Ia 4500 | ||
|---|---|---|---|
| 005 | 20240930034051.0 | ||
| 008 | 240331s9999 xx 000 0 und d | ||
| 020 | _a0195630343 | ||
| 082 |
_bWOO _a808 |
||
| 100 | _aWoolf, L | ||
| 245 | 4 | _aThe village in the jungle | |
| 250 | _a12th | ||
| 260 |
_a New Delhi _bOxford University press _c2005 |
||
| 300 | _axv, 179 p ., | ||
| 500 | _a' The Village in the jungle is a novel of superbly dispassionate observation, a great novel'. | ||
| 942 | _cL | ||
| 999 |
_c3121 _d3121 |
||